LEADER 01020nam--2200349---450- 001 990003257200203316 005 20090528085646.0 010 $a0-805-31875-5 035 $a000325720 035 $aUSA01000325720 035 $a(ALEPH)000325720USA01 035 $a000325720 100 $a20090528d1972----km-y0itay50------ba 101 $aeng 102 $aUS 105 $ay---||||001yy 200 1 $aGeneralized functions and fourier analysis$fJohn L. Challifour 210 $aReading$cW.A. Benjamin$d1972 215 $aX, 188 p.$d23 cm 225 2 $aMathematics lecture notes series 410 0$12001$aMathematics lecture notes series 606 0 $aAnalisi di Fourier 676 $a515.7 700 1$aCHALLIFOUR,$bJohn L.$026227 801 0$aIT$bsalbc$gISBD 912 $a990003257200203316 951 $a515.7 CHA$b10441/CBS$c515.7$d00221921 959 $aBK 969 $aSCI 979 $aRSIAV7$b90$c20090528$lUSA01$h0856 996 $aGeneralized functions and Fourier analysis$9332364 997 $aUNISA